Professional Ethics : Includes Human Values (Record no. 47361)

MARC details
000 -LEADER
fixed length control field 00675nam a22001937a 4500
005 - DATE AND TIME OF LATEST TRANSACTION
control field 20260317164046.0
008 - FIXED-LENGTH DATA ELEMENTS--GENERAL INFORMATION
fixed length control field 260317b |||||||| |||| 00| 0 eng d
020 ## - INTERNATIONAL STANDARD BOOK NUMBER
International Standard Book Number 9780199475070
040 ## - CATALOGING SOURCE
Transcribing agency VITAP
082 ## - DEWEY DECIMAL CLASSIFICATION NUMBER
Edition number 23rd Ed.
Classification number 170 SUB
100 ## - MAIN ENTRY--PERSONAL NAME
Personal name Subramanian, R.
9 (RLIN) 17286
245 ## - TITLE STATEMENT
Title Professional Ethics : Includes Human Values
Statement of responsibility, etc. / R. Subramanian
250 ## - EDITION STATEMENT
Edition statement 2nd Ed.
260 ## - PUBLICATION, DISTRIBUTION, ETC.
Place of publication, distribution, etc. New Delhi
Name of publisher, distributor, etc. Oxford University Press
Date of publication, distribution, etc. 2017
300 ## - PHYSICAL DESCRIPTION
Extent xii, 457p. : ill. ; 24cm
500 ## - GENERAL NOTE
General note It includes Index Pages.
650 #0 - SUBJECT ADDED ENTRY--TOPICAL TERM
Topical term or geographic name entry element Professional ethics; Ethics; Ethics in engineering; Engineering ethics; Engineering profession - Moral and ethical aspects
9 (RLIN) 17287
942 ## - ADDED ENTRY ELEMENTS (KOHA)
Source of classification or shelving scheme Dewey Decimal Classification
Koha item type Reference Book
Holdings
Withdrawn status Lost status Source of classification or shelving scheme Materials specified (bound volume or other part) Damaged status Not for loan Collection code Home library Current library Shelving location Date acquired Source of acquisition Cost, normal purchase price Inventory number Total Checkouts Full call number Barcode Date last seen Cost, replacement price Price effective from Koha item type Public note
    Dewey Decimal Classification Paper Back     Reference School of Business & General Section VIT-AP Reference 2026-03-16 Donated Book 0.00 DB1   170 SUB 025675 2026-03-17 0.00 2026-03-16 Reference Book GEN

Visitor Number: